Văn hóa cổ Chămpa

সংরক্ষণ করুন:
গ্রন্থ-পঞ্জীর বিবরন
প্রধান লেখক: Ngô Văn Doanh
বিন্যাস: গ্রন্থ
ভাষা:Undetermined
প্রকাশিত: H. VHDT 2002
বিষয়গুলি:
ট্যাগগুলো: ট্যাগ যুক্ত করুন
কোনো ট্যাগ নেই, প্রথমজন হিসাবে ট্যাগ করুন!
Thư viện lưu trữ: Trung tâm Học liệu Trường Đại học Cần Thơ
LEADER 00493nam a2200193Ia 4500
001 CTU_56836
008 210402s9999 xx 000 0 und d
020 |b 55000 
082 |a 398.209597 
082 |b D408 
100 |a Ngô Văn Doanh 
245 0 |a Văn hóa cổ Chămpa 
245 0 |c Ngô Văn Doanh 
260 |a H. 
260 |b VHDT 
260 |c 2002 
650 |a champa,chams culture 
650 |z civilization 
980 |a Trung tâm Học liệu Trường Đại học Cần Thơ